Management accounting for the hospitality, tourism and leisure industries (Record no. 17904)

MARC details
000 -LEADER
fixed length control field 00576nam a22001817a 4500
008 - FIXED-LENGTH DATA ELEMENTS--GENERAL INFORMATION
fixed length control field 191002b xxu||||| |||| 00| 0 eng d
020 ## - INTERNATIONAL STANDARD BOOK NUMBER
International Standard Book Number 1844801978
040 ## - CATALOGING SOURCE
Original cataloging agency KABU
Transcribing agency KABU
050 ## - LIBRARY OF CONGRESS CALL NUMBER
Classification number HF5686
Item number .A33 2006 c. 1
100 ## - MAIN ENTRY--PERSONAL NAME
Personal name Adams, Debra
245 ## - TITLE STATEMENT
Title Management accounting for the hospitality, tourism and leisure industries
Remainder of title a strategic approach
Statement of responsibility, etc. Debra Adams
250 ## - EDITION STATEMENT
Edition statement 2nd ed.
260 ## - PUBLICATION, DISTRIBUTION, ETC. (IMPRINT)
Place of publication, distribution, etc. Australia
Name of publisher, distributor, etc. Thomson
Date of publication, distribution, etc. 2006
300 ## - PHYSICAL DESCRIPTION
Extent xiii, 322 p.
650 ## - SUBJECT ADDED ENTRY--TOPICAL TERM
Topical term or geographic name as entry element Hospitality industry
General subdivision Accounting
650 ## - SUBJECT ADDED ENTRY--TOPICAL TERM
Topical term or geographic name as entry element Managerial accounting
942 ## - ADDED ENTRY ELEMENTS (KOHA)
Source of classification or shelving scheme Library of Congress Classification
Koha item type General Collection
Classification part HF5686
Holdings
Withdrawn status Lost status Source of classification or shelving scheme Not for loan Home library Current library Date acquired Cost, normal purchase price Total Checkouts Full call number Barcode Date last seen Copy number Price effective from Koha item type
    Library of Congress Classification   Kabarak, Main Campus Kabarak, Main Campus 02/10/2019 2888.00   HF5686 .A33 2006 c. 1 023751 02/10/2019 c. 1 02/10/2019 General Collection
    Library of Congress Classification   Kabarak, Main Campus Kabarak, Main Campus 02/10/2019 2888.00   HF5686 .A33 2006 c. 2 023752 02/10/2019 c. 2 02/10/2019 General Collection
    Library of Congress Classification   Kabarak, Main Campus Kabarak, Main Campus 02/10/2019 2888.00   HF5686 .A33 2006 c. 3 023753 02/10/2019 c. 3 02/10/2019 General Collection
Designed with assistance from East African Informatics Ltd